000 01857nam0a2200325 4500
001 RU\NLR\BIBL_A\022269710
005 20260420011649.0
010 _a978-5-9929-1489-4
_9500
021 _aRU
_bКН-П-24-029650
_9КН-П-24-3013
035 _a(NLR Aleph) 022269710
090 _a13659978
_c13659978
100 _a20240703d2024 k y0rusy50 ca
101 0 _arus
102 _aRU
105 _aab||z|||000yy
181 0 _ai
_baxxe
182 0 _an
200 1 _aПриоритетные направления развития отдельных отраслей и регионов Российской Федерации
_eмонография
_fЕ. Е. Баженова, А. Н. Куприянов
_gМинистерство науки и высшего образования Российской Федерации, Федеральное государственное бюджетное образовательное учреждение высшего образования "Орловский государственный университет имени И. С. Тургенева"
203 _aТекст
_bвизуальный
_cнепосредственный
210 _aОрёл
_cОГУ им. И. С. Тургенева
_d2024
215 _a103 с.
_cил., карта, табл.
_d20
320 _aБиблиогр.: с. 99-103 (35 назв.)
606 1 _aТранспорт
_xРазвитие
_yРоссийская Федерация
_92616991
_3RU\NLR\AUTH\661553551
686 1 _aУ37(2Р)
700 1 _aБаженова
_bЕ. Е.
_gЕлена Евгеньевна
701 1 _aКуприянов
_bА. Н.
_cканд. экон. наук
_gАлексей Николаевич
_9197014
_3RU\NLR\AUTH\770197065
942 _cBOOK
980 _aNB